00242nam a2200085Ia 4500001000800000005001700008008004100025245006400066260002600130125373020251031150959.0251031s9999 xx 000 0 und d 0cAYTÜL AKALaX-1 EĞLENCE ÜLKESİNİ ARAYAN DİNOZOR bUÇANBALIK YAYINLARI